Score 0/56 Timer 05:00
0 Plays Today
Title Missing Word % Correct
The Secret of the Old ____Clock
83.9%
The Bungalow ____Mystery
78.2%
The ____ in the DiaryClue
74.5%
The Ringmaster's ____Secret
69.7%
The Secret of ____ Gate FarmRed
68.9%
The Secret in the ____ AtticOld
65.8%
The Hidden ____Staircase
62.8%
The Witch ____ SymbolTree
62.6%
The Mystery at the Moss-Covered ____Mansion
61.6%
Nancy's Mysterious ____Letter
57.8%
The Mystery at ____ InnLilac
54.6%
The Secret of ____ RanchShadow
53%
The Mystery of the 99 ____Steps
50.7%
The Sign of the ____ CandlesTwisted
50.1%
The ____ of Blackwood HallGhost
47.7%
The Clue of the Broken ____Locket
47.6%
The ____ Window MysteryHidden
46.7%
The Message in the Hollow ____Oak
45.8%
The Mystery of the ____-Bound TrunkBrass
45.3%
The Clue of the ____ HeelsTapping
42.1%
The Clue of the ____ KeysBlack
41.5%
The ____ to Larkspur LanePassword
37.4%
The Clue in the ____ WallCrumbling
37%
The ____ StatueWhispering
36.4%
The Mystery of the ____ BellTolling
35.7%
The Mystery of the ____ CharmIvory
34.6%
The Mystery at the Ski ____Jump
34.3%
The Thirteenth ____ Pearl
32.7%
Title Missing Word % Correct
The Clue in the ____ BoxJewel
31.6%
The Scarlet ____ MysterySlipper
31.5%
The Moonstone ____ MysteryCastle
30.5%
The Clue of the ____ MaskVelvet
30.1%
The Clue of the ____ ChimneyLeaning
29.6%
The ____ BanisterCrooked
29.3%
The Clue of the Dancing ____Puppet
29.2%
The Haunted ____Bridge
28.7%
The Secret of the Wooden ____Lady
28.7%
The Clue in the Crossword ____Cipher
27.3%
The ____ Jinx MysteryDouble
27.3%
The ____ MannequinMysterious
27.2%
The ____ of the Missing MapQuest
26.6%
The Clue of the Whistling ____Bagpipes
26.3%
The Spider ____ MysterySapphire
26%
The Mystery of the ____ DragonFire
25.6%
The ____ of Pine HillPhantom
25.3%
The ____ IntruderInvisible
24.3%
The Haunted ____Showboat
23.7%
The Secret of the Golden ____Pavilion
22.1%
The Secret of ____ BayMirror
22%
The ____ PhantomSky
21.9%
The Clue in the Old ____Album
20.7%
Mystery of ____ IslandCrocodile
20.6%
Mystery of the ____ EyeGlowing
19.9%
The Secret of the Forgotten ____City
19.2%
The Strange Message in the ____ Parchment
18.8%
The Clue in the Old ____Stagecoach
17.7%

You're not logged in!

Compare scores with friends on all Sporcle quizzes.
OR
Log In

Sporcle TV

Today on Sporcle TV


Watch our educational content, quiz creation guides, and fun videos on Sporcle TV.

Show Comments

Extras

Top Quizzes Today


Score Distribution

Paid Content

Your Account Isn't Verified!

In order to create a playlist on Sporcle, you need to verify the email address you used during registration. Go to your Sporcle Settings to finish the process.

Report this User

Report this user for behavior that violates our Community Guidelines.

Details: